000 00589nam a2200193Ia 4500
005 20250508161907.0
008 008 250505s9999 xx 000 0 eng d
037 _aDissertations
040 _aFEDL
_beng
_cFEDL
041 _aeng
_2eng
084 _a157.1, CHU/DI
_qFEDL
100 _aChug Kirn
_9771693
245 0 _aStudy to compare the ego-strenght of high anxious and low-anxious adolescents of Delhi schools
260 _c1977
300 _a88p.
546 _aM. Ed. Dissertation (Delhi University)
942 _cDIS
_h157.1, CHU/DI
999 _c1373010
_d1373010